000 00357 a2200169 4500
001 186856
020 _a85-08-06542-6
040 _cMagnum
100 _aRocha, Ruth
240 1 0 _aNinguém gosta de mim?
_lpor
245 1 0 _aNinguém gosta de mim?
300 _a14
362 0 _a1997
440 1 _aÁtica
697 _aLITERATURA INFANTO
942 _cBK
999 _c186856
_d186856